Kartky kraina lodu - Tytuły - Statystyki

Ogólne statystyki
  • Ten quiz został rozwiązany 29 razy
  • Średni wynik to 9 z 15
Statystyki odpowiedzi
Hint Odpowiedź % Poprawnych
Na początku byłaś trochę za słodka, teraz gorzkie kłamstwa ciągną, ciągną nas na dno Pani jeziora
85%
A Ty się Bambi nie pokazuj z córką, Bo zostanie szybko jak Ty patuską Krzyk
75%
Mocniej i mocniej, witam się z końcem Kiedy zasypiam, to w Skellige wstaje słońce Miłość bez ść
70%
Jesteś pojebana, przecież znam to Mówisz, że mnie kochasz w esperanto Nie bo piękna
70%
Trafiają mnie nadal jak AWP, jak szmaty za brick w Balenciagach Sprandi
70%
Wyłącza rozsądek jak Fight Club i kłamstwa stają się jak lekarstwa ballada o panu lusterko
65%
Moje horkruksy są zniszczone, podeptane i leżą gdzieś na ziemi niczyjej, w błocie Lugia
65%
A Płotka cała w krwi, daj mi szansę. Rzeka Pontar, krok od Ciebie jest śmierć Rzeźnik z blaviken
65%
Powiedz mi szeptem, że nie chcesz mnie więcej Doppler
60%
Są tacy znani jak Paris i lubią krzyże na drogę Chcą się tam bawić i bawić, ja zrobię więcej niż mogę Art deco
55%
Wypijmy gdzieś schłodzone Porto, potem ucieknę w deszcz August ames
55%
I wpada krótkie zero, i wychodzę. Nowy dzień - być tylko cieniem i tłem List do k
55%
Ten rok był pojebany dla nas A koszmar jeszcze na głośnikach, ciągle się tym jarasz Articuno
45%
I co wtedy w życiu poszło im trochę za łatwo I siedzą w kominiarach, chociaż wcale nie są z Masno Wróg
45%
Na centrum w Twoim miеście, na zajebistym flexie, albo pod kiblem gdzieś na festiwalu Ostatnie życzenie
30%
Nie znaleziono quizów pasujących do podanych kryteriów
Rozkład punktacji
Procent ludzi z każdym wynikiem
Percentyl według liczby udzielonych odpowiedzi
Twoja historia wyników
Nie rozwiązałeś tego quizu